[Event "SLO-ch U12"]
[Site "Postojna"]
[Date "2008.02.27"]
[Round "5"]
[White "Kumin, Andrej"]
[Black "Debeljak, Vid"]
[Result "1-0"]
[WhiteElo "1500"]
[BlackElo "1500"]
[PlyCount "31"]
[EventDate "2008.02.24"]
[EventType "swiss"]
[EventRounds "9"]
[EventCountry "SLO"]
[SourceTitle "EXT 2010"]
[Source "ChessBase"]
[SourceDate "2010.11.25"]
[SourceVersion "1"]
[SourceVersionDate "2010.11.25"]
[SourceQuality "1"]

1. e4 e5 2. Nf3 Nc6 3. Bc4 Nd4 4. Nxe5 Qg5 5. Bxf7+ Ke7 6. c3 Qxg2 7. cxd4 Qxh1+ 8. Ke2 Qxe4+ 9. Kf1 Qxd4 10. Qe2 Kd6 11. Nf3 Qc5 12. Nc3 Nf6 13. d4 Qh5 14. Bf4+ Kc6 15. Qc4+ Kb6 16. Bxc7# 1-0